书目信息 |
| 题名: |
复杂地质条件隧洞超前地质预报技术
|
|
| 作者: | 谭天元 主编 | |
| 分册: | ||
| 出版信息: | 北京 中国水利水电出版社 2018.02 |
|
| 页数: | 162页, [6] 页图版 | |
| 开本: | 27cm | |
| 丛书名: | ||
| 单 册: | ||
| 中图分类: | U452.1 | |
| 科图分类: | ||
| 主题词: | 隧道工程--sui dao gong cheng--工程地质--预报 | |
| 电子资源: | ||
| ISBN: | 978-7-5170-6331-5 | |
| 000 | 00901nam0 2200241 450 | |
| 001 | 202019133769 | |
| 005 | 20190921113345.0 | |
| 010 | @a978-7-5170-6331-5@b精装@dCNY65.00 | |
| 100 | @a20190919d2018 em y0chiy50 ea | |
| 101 | 0 | @achi |
| 102 | @aCN@b110000 | |
| 105 | @aafk a 000yy | |
| 106 | @ar | |
| 200 | 1 | @a复杂地质条件隧洞超前地质预报技术@Afu za di zhi tiao jian sui dong chao qian di zhi yu bao ji shu@f主编谭天元 |
| 210 | @a北京@c中国水利水电出版社@d2018.02 | |
| 215 | @a162页, [6] 页图版@c图 (部分彩图)@d27cm | |
| 320 | @a有书目 (第161-162页) | |
| 330 | @a本书主要内容包括: 绪论、超前地质预报理论基础、预报方法与技术、复杂地质条件预报体系的建立、复杂地质条件预报现场技术、技术成果运用。 | |
| 606 | 0 | @a隧道工程@Asui dao gong cheng@x工程地质@x预报 |
| 690 | @aU452.1@v5 | |
| 701 | 0 | @a谭天元@Atan tian yuan@4主编 |
| 801 | 0 | @aCN@c20190905 |
| 905 | @a河南城建学院图书馆@dU452.1@eT128 | |
| 复杂地质条件隧洞超前地质预报技术/主编谭天元.-北京:中国水利水电出版社,2018.02 |
| 162页, [6] 页图版:图 (部分彩图);27cm |
| ISBN 978-7-5170-6331-5(精装):CNY65.00 |
| 本书主要内容包括: 绪论、超前地质预报理论基础、预报方法与技术、复杂地质条件预报体系的建立、复杂地质条件预报现场技术、技术成果运用。 |
| ● |
| 相关链接 |
|
|
|
正题名:复杂地质条件隧洞超前地质预报技术
索取号:U452.1/T128
 
预约/预借
| 序号 | 登录号 | 条形码 | 馆藏地/架位号 | 状态 | 备注 |
| 1 | 1441310 | 214413106 | 自科库501/501自科库 55排5列5层/ [索取号:U452.1/T128] | 在馆 | |
| 2 | 1441311 | 214413115 | 自科库501/501自科库 55排5列5层/ [索取号:U452.1/T128] | 在馆 |